Top NHL Scorers of 2017 - Statistics

General Stats
  • This quiz has been taken 29 times
  • The average score is 19 of 30
Answer Stats
Answer Country Points % Correct
Alex Ovechkin Russia 82
96%
Sidney Crosby Canada 82
96%
Connor McDavid Canada 102
92%
Patrick Kane USA 90
92%
Jamie Benn Canada 72
88%
Nikita Kucherov Russia 106
84%
Anze Kopitar Slovenia 76
80%
Brad Marchand Canada 86
80%
Auston Matthews USA 70
76%
Claude Giroux Canada 73
76%
David Pastrnak Czech Republic 78
72%
Johnny Gaudreau USA 79
72%
John Tavares Canada 88
68%
Evgeny Kuznetsov Russia 79
64%
Blake Wheeler USA 90
60%
Nicklas Backstrom Sweden 87
60%
Artemi Panarin Russia 70
56%
Filip Forsberg Sweden 69
56%
Leon Draisaitl Germany 76
56%
Nathan MacKinnon Canada 74
56%
Phil Kessel USA 74
56%
Jack Eichel USA 80
52%
Jakub Voracek Czech Republic 72
52%
Vladimir Tarasenko Russia 74
52%
Mark Scheifele Canada 87
48%
Sean Monahan Canada 72
48%
Henrik Zetterberg Sweden 70
36%
Anders Lee USA 73
28%
Brayden Schenn Canada 73
28%
Josh Bailey Canada 82
16%
No matching quizzes found
Score Distribution
Percent of People with Each Score
Percentile by Number Answered
Your Score History
You have not taken this quiz